Схема искусственной коммутации для преобразовательных устройств на вентилях с частичным управлением; Тезисы докладов четвертой научно-технической конференции по вопросам автоматизации производства (13-16 мая 1963 г.)

Bibliografiska uppgifter
Parent link:Тезисы докладов четвертой научно-технической конференции по вопросам автоматизации производства (13-16 мая 1963 г.).— 1965.— С. 13-14
Huvudupphovsman: Лапин Б. А.
Språk:ryska
Publicerad: 1965
Ämnen:
Materialtyp: Bokavsnitt
KOHA link:https://koha.lib.tpu.ru/cgi-bin/koha/opac-detail.pl?biblionumber=592500

MARC

LEADER 00000naa0a2200000 4500
001 592500
005 20250829104509.0
035 |a (RuTPU)RU\TPU\tpu\4659 
090 |a 592500 
100 |a 20011210d1965 k||y0rusy50 ca 
101 0 |a rus 
102 |a RU 
200 1 |a Схема искусственной коммутации для преобразовательных устройств на вентилях с частичным управлением  |f Б. А. Лапин 
463 1 |t Тезисы докладов четвертой научно-технической конференции по вопросам автоматизации производства (13-16 мая 1963 г.)  |v С. 13-14  |d 1965 
610 1 |a электрические машины 
610 1 |a труды учёных ТПУ 
610 1 |a электропривод 
700 1 |a Лапин  |b Б. А. 
801 0 |a RU  |b 63413507  |c 20011210  |g PSBO 
801 2 |a RU  |b 63413507  |c 20080111  |g PSBO 
942 |c BK